<?xml version="1.0" encoding="UTF-8"?>
<record
    xmlns:xsi="http://www.w3.org/2001/XMLSchema-instance"
    xsi:schemaLocation="http://www.loc.gov/MARC21/slim http://www.loc.gov/standards/marcxml/schema/MARC21slim.xsd"
    xmlns="http://www.loc.gov/MARC21/slim">

  <leader>01175nam a2200289 a 4500</leader>
  <controlfield tag="008">110909s1982    ag a|||f |||| 001 0 spa d</controlfield>
  <datafield tag="020" ind1=" " ind2=" ">
    <subfield code="a">S/N</subfield>
  </datafield>
  <datafield tag="041" ind1=" " ind2=" ">
    <subfield code="a">spa</subfield>
  </datafield>
  <datafield tag="092" ind1=" " ind2=" ">
    <subfield code="c">611</subfield>
    <subfield code="l">10</subfield>
    <subfield code="s">CAS</subfield>
  </datafield>
  <datafield tag="100" ind1="1" ind2=" ">
    <subfield code="a">Casiraghi, Juan Carlos</subfield>
    <subfield code="9">671</subfield>
  </datafield>
  <datafield tag="245" ind1="1" ind2=" ">
    <subfield code="a">Anatom&#xED;a del Cuerpo Humano. Funcional y Quir&#xFA;rgica.</subfield>
    <subfield code="b"> T.1 Sistemas Osteoarticulomusculares Funcionales /</subfield>
    <subfield code="c">Juan Carlos Casiraghi</subfield>
  </datafield>
  <datafield tag="250" ind1=" " ind2=" ">
    <subfield code="a">1a ed.</subfield>
  </datafield>
  <datafield tag="260" ind1=" " ind2=" ">
    <subfield code="a">Buenos Aires:</subfield>
    <subfield code="b">Ursino;</subfield>
    <subfield code="c">1982.</subfield>
  </datafield>
  <datafield tag="300" ind1=" " ind2=" ">
    <subfield code="a">213 p.</subfield>
    <subfield code="b">il.</subfield>
  </datafield>
  <datafield tag="500" ind1=" " ind2=" ">
    <subfield code="a">Casiraghi, J. C. (1982). Anatom&#xED;a del Cuerpo Humano. Funcional y Quir&#xFA;rgica. T.1 Sistemas Osteoarticulomusculares Funcionales. (1a ed.). Buenos Aires : Ursino.</subfield>
  </datafield>
  <datafield tag="653" ind1=" " ind2=" ">
    <subfield code="a">Sistema de la posici&#xF3;n erecta</subfield>
  </datafield>
  <datafield tag="653" ind1=" " ind2=" ">
    <subfield code="a">Sistema de la respiraci&#xF3;n</subfield>
  </datafield>
  <datafield tag="653" ind1=" " ind2=" ">
    <subfield code="a">Sistema de la masticaci&#xF3;n</subfield>
  </datafield>
  <datafield tag="653" ind1=" " ind2=" ">
    <subfield code="a">Sistema de la m&#xED;mica</subfield>
  </datafield>
  <datafield tag="653" ind1=" " ind2=" ">
    <subfield code="a">Sistema de la cervicocefalogiria</subfield>
  </datafield>
  <datafield tag="653" ind1=" " ind2=" ">
    <subfield code="a">Sistema de la defensa y prehensi&#xF3;n</subfield>
  </datafield>
  <datafield tag="653" ind1=" " ind2=" ">
    <subfield code="a">Sistema de bipedestaci&#xF3;n, equilibrio y marcha</subfield>
  </datafield>
  <datafield tag="653" ind1=" " ind2=" ">
    <subfield code="a">Sistema de la movilidad del muslo o de la cadera</subfield>
  </datafield>
  <datafield tag="653" ind1=" " ind2=" ">
    <subfield code="a">Sistema de la evacuaci&#xF3;n y contenci&#xF3;n</subfield>
  </datafield>
  <datafield tag="653" ind1=" " ind2=" ">
    <subfield code="a">Sistema de la contenci&#xF3;n neurosensorial</subfield>
  </datafield>
  <datafield tag="942" ind1=" " ind2=" ">
    <subfield code="2">ddc</subfield>
    <subfield code="c">BK</subfield>
  </datafield>
  <datafield tag="999" ind1=" " ind2=" ">
    <subfield code="c">939</subfield>
    <subfield code="d">939</subfield>
  </datafield>
  <datafield tag="952" ind1=" " ind2=" ">
    <subfield code="0">0</subfield>
    <subfield code="1">0</subfield>
    <subfield code="2">ddc</subfield>
    <subfield code="4">0</subfield>
    <subfield code="7">0</subfield>
    <subfield code="a">BFM</subfield>
    <subfield code="b">BFM</subfield>
    <subfield code="c">CR</subfield>
    <subfield code="d">2011-09-09</subfield>
    <subfield code="l">89</subfield>
    <subfield code="m">5</subfield>
    <subfield code="p">TR053</subfield>
    <subfield code="r">2026-03-19</subfield>
    <subfield code="s">2026-03-12</subfield>
    <subfield code="t">Copia</subfield>
    <subfield code="w">2011-09-09</subfield>
    <subfield code="y">BK</subfield>
    <subfield code="z">Fotocopia</subfield>
  </datafield>
  <datafield tag="952" ind1=" " ind2=" ">
    <subfield code="0">0</subfield>
    <subfield code="1">0</subfield>
    <subfield code="2">ddc</subfield>
    <subfield code="4">0</subfield>
    <subfield code="7">0</subfield>
    <subfield code="a">BFM</subfield>
    <subfield code="b">BFM</subfield>
    <subfield code="c">CR</subfield>
    <subfield code="d">2011-09-09</subfield>
    <subfield code="l">72</subfield>
    <subfield code="m">9</subfield>
    <subfield code="p">TR054</subfield>
    <subfield code="r">2026-03-26</subfield>
    <subfield code="s">2026-03-17</subfield>
    <subfield code="t">Copia</subfield>
    <subfield code="w">2011-09-09</subfield>
    <subfield code="y">BK</subfield>
    <subfield code="z">Fotocopia</subfield>
  </datafield>
  <datafield tag="952" ind1=" " ind2=" ">
    <subfield code="0">0</subfield>
    <subfield code="1">0</subfield>
    <subfield code="2">ddc</subfield>
    <subfield code="4">0</subfield>
    <subfield code="7">0</subfield>
    <subfield code="a">BFM</subfield>
    <subfield code="b">BFM</subfield>
    <subfield code="c">CR</subfield>
    <subfield code="d">2011-09-09</subfield>
    <subfield code="e">Donaci&#xF3;n Mauro Martini, Abril 2015</subfield>
    <subfield code="l">65</subfield>
    <subfield code="m">6</subfield>
    <subfield code="p">TR055</subfield>
    <subfield code="r">2026-03-19</subfield>
    <subfield code="s">2026-03-12</subfield>
    <subfield code="t">Copia</subfield>
    <subfield code="w">2011-09-09</subfield>
    <subfield code="y">BK</subfield>
    <subfield code="z">Fotocopia</subfield>
  </datafield>
  <datafield tag="952" ind1=" " ind2=" ">
    <subfield code="0">0</subfield>
    <subfield code="1">0</subfield>
    <subfield code="2">ddc</subfield>
    <subfield code="4">0</subfield>
    <subfield code="7">0</subfield>
    <subfield code="a">BFM</subfield>
    <subfield code="b">BFM</subfield>
    <subfield code="c">CR</subfield>
    <subfield code="d">2011-09-09</subfield>
    <subfield code="l">88</subfield>
    <subfield code="m">7</subfield>
    <subfield code="p">TR106</subfield>
    <subfield code="r">2026-04-01</subfield>
    <subfield code="s">2026-03-25</subfield>
    <subfield code="t">Copia</subfield>
    <subfield code="w">2011-09-09</subfield>
    <subfield code="y">BK</subfield>
    <subfield code="z">Fotocopia</subfield>
  </datafield>
  <datafield tag="952" ind1=" " ind2=" ">
    <subfield code="0">0</subfield>
    <subfield code="1">0</subfield>
    <subfield code="2">ddc</subfield>
    <subfield code="4">0</subfield>
    <subfield code="7">0</subfield>
    <subfield code="a">BFM</subfield>
    <subfield code="b">BFM</subfield>
    <subfield code="c">CR</subfield>
    <subfield code="d">2011-09-09</subfield>
    <subfield code="l">92</subfield>
    <subfield code="m">7</subfield>
    <subfield code="p">TR107</subfield>
    <subfield code="r">2025-03-19</subfield>
    <subfield code="s">2025-03-10</subfield>
    <subfield code="t">Copia</subfield>
    <subfield code="w">2011-09-09</subfield>
    <subfield code="y">BK</subfield>
    <subfield code="z">Fotocopia</subfield>
  </datafield>
  <datafield tag="952" ind1=" " ind2=" ">
    <subfield code="0">0</subfield>
    <subfield code="1">0</subfield>
    <subfield code="2">ddc</subfield>
    <subfield code="4">0</subfield>
    <subfield code="7">0</subfield>
    <subfield code="a">BFM</subfield>
    <subfield code="b">BFM</subfield>
    <subfield code="c">CR</subfield>
    <subfield code="d">2011-09-09</subfield>
    <subfield code="l">57</subfield>
    <subfield code="m">4</subfield>
    <subfield code="p">TR144</subfield>
    <subfield code="r">2026-03-26</subfield>
    <subfield code="s">2026-03-17</subfield>
    <subfield code="t">Copia</subfield>
    <subfield code="w">2011-09-09</subfield>
    <subfield code="y">BK</subfield>
    <subfield code="z">Fotocopia</subfield>
  </datafield>
  <datafield tag="952" ind1=" " ind2=" ">
    <subfield code="0">0</subfield>
    <subfield code="1">0</subfield>
    <subfield code="2">ddc</subfield>
    <subfield code="4">0</subfield>
    <subfield code="7">0</subfield>
    <subfield code="a">BFM</subfield>
    <subfield code="b">BFM</subfield>
    <subfield code="c">CR</subfield>
    <subfield code="d">2013-03-19</subfield>
    <subfield code="l">92</subfield>
    <subfield code="m">13</subfield>
    <subfield code="p">TR167</subfield>
    <subfield code="r">2026-03-26</subfield>
    <subfield code="s">2026-03-19</subfield>
    <subfield code="t">Copia</subfield>
    <subfield code="w">2013-03-19</subfield>
    <subfield code="y">BK</subfield>
    <subfield code="z">Fotocopia</subfield>
  </datafield>
  <datafield tag="952" ind1=" " ind2=" ">
    <subfield code="0">0</subfield>
    <subfield code="1">0</subfield>
    <subfield code="2">ddc</subfield>
    <subfield code="4">0</subfield>
    <subfield code="7">0</subfield>
    <subfield code="a">BFM</subfield>
    <subfield code="b">BFM</subfield>
    <subfield code="c">CR</subfield>
    <subfield code="d">2014-03-10</subfield>
    <subfield code="l">71</subfield>
    <subfield code="m">4</subfield>
    <subfield code="p">TR169</subfield>
    <subfield code="r">2026-04-24</subfield>
    <subfield code="s">2026-04-16</subfield>
    <subfield code="t">Copia</subfield>
    <subfield code="w">2014-03-10</subfield>
    <subfield code="y">BK</subfield>
    <subfield code="z">Fotocopia</subfield>
  </datafield>
  <datafield tag="952" ind1=" " ind2=" ">
    <subfield code="0">0</subfield>
    <subfield code="1">0</subfield>
    <subfield code="2">ddc</subfield>
    <subfield code="4">0</subfield>
    <subfield code="7">0</subfield>
    <subfield code="a">BFM</subfield>
    <subfield code="b">BFM</subfield>
    <subfield code="c">CR</subfield>
    <subfield code="d">2014-03-10</subfield>
    <subfield code="l">60</subfield>
    <subfield code="m">7</subfield>
    <subfield code="p">TR170</subfield>
    <subfield code="r">2026-04-24</subfield>
    <subfield code="s">2026-04-16</subfield>
    <subfield code="t">Copia</subfield>
    <subfield code="w">2014-03-10</subfield>
    <subfield code="y">BK</subfield>
    <subfield code="z">Fotocopia</subfield>
  </datafield>
  <datafield tag="952" ind1=" " ind2=" ">
    <subfield code="0">0</subfield>
    <subfield code="1">0</subfield>
    <subfield code="2">ddc</subfield>
    <subfield code="4">0</subfield>
    <subfield code="7">0</subfield>
    <subfield code="a">BFM</subfield>
    <subfield code="b">BFM</subfield>
    <subfield code="c">CR</subfield>
    <subfield code="d">2017-05-04</subfield>
    <subfield code="e">Donacion Florencia Lagos, mayo 2017</subfield>
    <subfield code="l">30</subfield>
    <subfield code="m">6</subfield>
    <subfield code="p">TR194</subfield>
    <subfield code="r">2026-04-16</subfield>
    <subfield code="s">2026-04-09</subfield>
    <subfield code="t">Copia</subfield>
    <subfield code="w">2017-05-04</subfield>
    <subfield code="y">BK</subfield>
    <subfield code="z">Donacion Florencia Lagos, mayo 2017. </subfield>
  </datafield>
  <datafield tag="952" ind1=" " ind2=" ">
    <subfield code="0">0</subfield>
    <subfield code="1">0</subfield>
    <subfield code="2">ddc</subfield>
    <subfield code="4">0</subfield>
    <subfield code="7">0</subfield>
    <subfield code="a">BFM</subfield>
    <subfield code="b">BFM</subfield>
    <subfield code="c">CR</subfield>
    <subfield code="d">2017-09-27</subfield>
    <subfield code="e">Donaci&#xF3;n Bel&#xE9;n Narez, Septiembre 2017.</subfield>
    <subfield code="l">14</subfield>
    <subfield code="p">TR201</subfield>
    <subfield code="r">2026-03-26</subfield>
    <subfield code="s">2026-03-19</subfield>
    <subfield code="t">Copia</subfield>
    <subfield code="w">2017-09-27</subfield>
    <subfield code="y">BK</subfield>
    <subfield code="z">Fotocopia. Donaci&#xF3;n Bel&#xE9;n Narez, Septiembre 2017.</subfield>
  </datafield>
  <datafield tag="952" ind1=" " ind2=" ">
    <subfield code="0">0</subfield>
    <subfield code="1">0</subfield>
    <subfield code="2">ddc</subfield>
    <subfield code="4">0</subfield>
    <subfield code="7">0</subfield>
    <subfield code="a">BFM</subfield>
    <subfield code="b">BFM</subfield>
    <subfield code="c">CR</subfield>
    <subfield code="d">2024-08-26</subfield>
    <subfield code="e">Donaci&#xF3;n Horacio Verde, Agosto 2024</subfield>
    <subfield code="l">8</subfield>
    <subfield code="m">1</subfield>
    <subfield code="o">611 10  CAS</subfield>
    <subfield code="p">4896</subfield>
    <subfield code="r">2026-04-28</subfield>
    <subfield code="s">2026-04-16</subfield>
    <subfield code="t">Ej. 1</subfield>
    <subfield code="w">0000-00-00</subfield>
    <subfield code="y">BK</subfield>
    <subfield code="z">Donaci&#xF3;n Horacio Verde, Agosto 2024</subfield>
    <subfield code="f"></subfield>
  </datafield>
</record>
